Statistics for Soccer Clubs Playing in Foreign Countries

Click here to take the quiz!

General Stats

  • This quiz has been taken 24 times
  • The average score is 8 of 14

Answer Stats

AnswerLocationCountryLeagueCountry of League% Correct
Cardiff City_________WalesChampionshipEngland
95%
AS Monaco___________MonacoLigue 1France
91%
Swansea City________WalesChampionshipEngland
91%
CF MontréalQuebecCanadaMLSU.S.A
82%
Toronto FCOntarioCanadaMLSU.S.A
82%
Wrexham__________WalesLeague 2England
73%
Vaduz_________LiechtensteinChallenge LeagueSwitzerland
64%
Vancouver WhitecapsBritish ColombiaCanadaMLSU.S.A
59%
Newport County________WalesLeague 2England
45%
FC Andorra________AndorraSegunda DivisionSpain
36%
Wellington PhoenixNorth IslandNew ZealandA-LeagueAustralia
36%
Derry City________Northern IrelandLeague of IrelandRepublic of Ireland
32%
Berwick Rangers____-upon-TweedEnglandLeague 2Scotland
9%
The New SaintsOswestry, ShropshireEnglandCymru PremierWales
9%

Score Distribution

Percentile by Number Answered

Percent of People with Each Score

Your Score History

You have not taken this quiz